[Event "HUN-chT2 Erkel 0506"]
[Site "Hungary"]
[Date "2005.11.27"]
[Round "4"]
[White "Isepy, Tamas"]
[Black "Farsang, Peter"]
[Result "0-1"]
[WhiteElo "2118"]
[BlackElo "2010"]
[PlyCount "80"]
[EventDate "2005.10.16"]
[EventType "team"]
[EventRounds "11"]
[EventCountry "HUN"]
[SourceTitle "EXT 2009"]
[Source "ChessBase"]
[SourceDate "2008.11.26"]
[SourceVersion "1"]
[SourceVersionDate "2008.11.26"]
[SourceQuality "1"]
[WhiteTeam "Stat PSC II"]
[BlackTeam "Foti"]
[WhiteTeamCountry "HUN"]
[BlackTeamCountry "HUN"]

1. e4 c5 2. Nf3 d6 3. g3 Nf6 4. d3 g6 5. Bg2 Nc6 6. 0-0 Bg7 7. Nc3 0-0 8. h3 Rb8 9. Be3 b5 10. Qd2 Re8 11. Nh4 b4 12. Nd1 Nd7 13. f4 Bb7 14. f5 Nce5 15. Bh6 Nf6 16. Nf3 Nxf3+ 17. Rxf3 c4 18. Qg5 Qb6+ 19. Kh2 cxd3 20. cxd3 Qd4 21. fxg6 hxg6 22. Bxg7 Kxg7 23. Ne3 Bc8 24. Raf1 Be6 25. Nf5+ Bxf5 26. Rxf5 Rh8 27. R5f2 Rh5 28. Qf4 g5 29. Qf3 Rbh8 30. Kg1 g4 31. Qf4 gxh3 32. Bf3 R5h6 33. Bg4 Rg6 34. Bf5 Nh5 35. Qd2 Rxg3+ 36. Kh1 Qxd3 37. Qxb4 Rg5 38. Rf3 Qc2 39. Qd4+ f6 40. R1f2 Qc1+ 0-1

[Event "HUN-chT2 Erkel 0506"]
[Site "Hungary"]
[Date "2005.11.13"]
[Round "3"]
[White "Isepy, Tamas"]
[Black "Ponyi, Attila"]
[Result "1/2-1/2"]
[WhiteElo "2118"]
[BlackElo "2109"]
[PlyCount "102"]
[EventDate "2005.10.16"]
[EventType "team"]
[EventRounds "11"]
[EventCountry "HUN"]
[SourceTitle "EXT 2009"]
[Source "ChessBase"]
[SourceDate "2008.11.26"]
[SourceVersion "1"]
[SourceVersionDate "2008.11.26"]
[SourceQuality "1"]
[WhiteTeam "Stat PSC II"]
[BlackTeam "Vasarteri"]
[WhiteTeamCountry "HUN"]
[BlackTeamCountry "HUN"]

1. e4 d5 2. exd5 Nf6 3. d4 Nxd5 4. Nf3 g6 5. c3 Bg7 6. Bd3 0-0 7. 0-0 Nc6 8. Bg5 Qd6 9. Nbd2 f5 10. Nc4 Qd8 11. Ne3 Nxe3 12. fxe3 h6 13. Bc4+ Kh7 14. Bh4 Qe8 15. Bb5 Bd7 16. Bg3 Rc8 17. Qa4 a6 18. Bxc6 Bxc6 19. Qb3 Bxf3 20. Rxf3 Qc6 21. Re1 g5 22. d5 Qb5 23. Ref1 Qxb3 24. axb3 Kg6 25. c4 Bxb2 26. h4 Bg7 27. h5+ Kxh5 28. Rxf5 Rxf5 29. Rxf5 Kg4 30. Rf3 c6 31. e4 Rf8 32. Rxf8 Bxf8 33. Be5 cxd5 34. cxd5 h5 35. Kf2 h4 36. Ke3 h3 37. gxh3+ Kxh3 38. Kf3 Bh6 39. Bg3 g4+ 40. Kf2 a5 41. e5 b5 42. e6 Bf8 43. Be5 a4 44. bxa4 bxa4 45. Bb2 g3+ 46. Kg1 Kg4 47. Kg2 Kf4 48. Bg7 a3 49. Bxf8 Ke5 50. Bxe7 Kxd5 51. Bxa3 Kxe6 1/2-1/2

[Event "HUN-chT2 Erkel 0405"]
[Site "Hungary"]
[Date "2005.03.06"]
[Round "9"]
[White "Hera, Daniel"]
[Black "Isepy, Tamas"]
[Result "0-1"]
[WhiteElo "1862"]
[BlackElo "2125"]
[PlyCount "66"]
[EventDate "2004.09.26"]
[EventType "team"]
[EventRounds "11"]
[EventCountry "HUN"]
[SourceTitle "EXT 2009"]
[Source "ChessBase"]
[SourceDate "2008.11.26"]
[SourceVersion "1"]
[SourceVersionDate "2008.11.26"]
[SourceQuality "1"]
[WhiteTeam "Penzugyor II"]
[BlackTeam "Statisztika II"]
[WhiteTeamCountry "HUN"]
[BlackTeamCountry "HUN"]

1. e4 c5 2. Nf3 e6 3. d3 Nc6 4. c3 d5 5. Nbd2 Nf6 6. g3 Be7 7. Bg2 0-0 8. 0-0 Qc7 9. Qe2 b5 10. Re1 b4 11. c4 dxe4 12. dxe4 e5 13. b3 Bg4 14. h3 Nd4 15. Qd1 Bh5 16. Bb2 Rfd8 17. Bxd4 cxd4 18. Nf1 Nd7 19. g4 Bg6 20. Ng3 Nc5 21. Nf5 Bf8 22. Qd2 Ne6 23. h4 h5 24. g5 Nf4 25. Kh1 Bc5 26. Red1 Bxf5 27. exf5 Nxg2 28. Kxg2 e4 29. Ne1 e3 30. fxe3 dxe3 31. Qe2 Qf4 32. Nd3 Qe4+ 33. Kf1 Qh1# 0-1

[Event "HUN-chT2 Erkel 0405"]
[Site "Hungary"]
[Date "2004.10.10"]
[Round "2"]
[White "Isepy, Tamas"]
[Black "Gal, Peter"]
[Result "0-1"]
[WhiteElo "2125"]
[BlackElo "2074"]
[PlyCount "128"]
[EventDate "2004.09.26"]
[EventType "team"]
[EventRounds "11"]
[EventCountry "HUN"]
[SourceTitle "EXT 2009"]
[Source "ChessBase"]
[SourceDate "2008.11.26"]
[SourceVersion "1"]
[SourceVersionDate "2008.11.26"]
[SourceQuality "1"]
[WhiteTeam "Statisztika II"]
[BlackTeam "Fuzesabony"]
[WhiteTeamCountry "HUN"]
[BlackTeamCountry "HUN"]

1. e4 g6 2. d4 Bg7 3. Nc3 b6 4. Be2 Bb7 5. Be3 d6 6. Qd2 Nd7 7. f3 h6 8. h4 h5 9. Bc4 e6 10. Nge2 Ne7 11. 0-0-0 d5 12. exd5 exd5 13. Bb3 Nf6 14. Bg5 Qd7 15. Nf4 0-0-0 16. Rhe1 Rhe8 17. Nd3 Nh7 18. Ne5 Bxe5 19. Bxe7 Bg3 20. Bxd8 Bxe1 21. Rxe1 Rxe1+ 22. Qxe1 Qxd8 23. Qe5 Nf6 24. Nb5 a6 25. Nc3 Nd7 26. Qf4 Nf6 27. Qg5 c6 28. Na4 Nd7 29. Qf4 Qe7 30. Kd2 b5 31. Nc3 Nf8 32. Ne2 Ne6 33. Qg3 Qc7 34. Qxc7+ Kxc7 35. Ke3 Kd6 36. g4 hxg4 37. fxg4 Bc8 38. Kf3 Ke7 39. c3 Kf6 40. Bc2 Ng7 41. Ng3 Ne8 42. h5 Kg5 43. hxg6 Bxg4+ 44. Ke3 fxg6 45. b3 Nd6 46. Nf1 Bf5 47. Bd1 Ne4 48. c4 Nc3 49. Bf3 Be4 50. Nd2 Kf5 51. a3 Bxf3 52. Kxf3 g5 53. cxd5 cxd5 54. b4 g4+ 55. Kg2 Ne2 56. Nb3 Ke4 57. Kf2 Nc3 58. Kg3 Nb1 59. Kxg4 Nxa3 60. Nc5+ Kxd4 61. Nxa6 Ke3 62. Nc7 d4 63. Nd5+ Ke2 64. Kf4 d3 0-1

[Event "HUN-chT2 Erkel 0405"]
[Site "Hungary"]
[Date "2004.09.26"]
[Round "1"]
[White "Kiss, Balazs"]
[Black "Isepy, Tamas"]
[Result "1/2-1/2"]
[WhiteElo "2111"]
[BlackElo "2125"]
[PlyCount "71"]
[EventDate "2004.09.26"]
[EventType "team"]
[EventRounds "11"]
[EventCountry "HUN"]
[SourceTitle "EXT 2009"]
[Source "ChessBase"]
[SourceDate "2008.11.26"]
[SourceVersion "1"]
[SourceVersionDate "2008.11.26"]
[SourceQuality "1"]
[WhiteTeam "Ujszasz"]
[BlackTeam "Statisztika II"]
[WhiteTeamCountry "HUN"]
[BlackTeamCountry "HUN"]

1. e4 c5 2. Nc3 e6 3. g3 Nc6 4. Bg2 g6 5. d3 Bg7 6. f4 d6 7. Nf3 Nge7 8. 0-0 0-0 9. Kh1 Qb6 10. Ne2 f5 11. c3 e5 12. Qc2 Kh8 13. Be3 Be6 14. b4 Qa6 15. Ng5 Bg8 16. bxc5 d5 17. exd5 Nxd5 18. Bd2 h6 19. Nh3 Rad8 20. fxe5 Nxe5 21. Nef4 g5 22. Nxd5 Bxd5 23. d4 Bxg2+ 24. Kxg2 Qc6+ 25. Kf2 Ng4+ 26. Kg1 Rxd4 27. cxd4 Bxd4+ 28. Nf2 Nxf2 29. Rxf2 Bxa1 30. Bc3+ Bxc3 31. Qxc3+ Kh7 32. Qe5 Qf6 33. Qd5 Qf7 34. Qe5 Qf6 35. Qd5 Qf7 36. Qe5 1/2-1/2

[Event "Torokbalint op"]
[Site "Torokbalint"]
[Date "2004.08.15"]
[Round "6"]
[White "Horvath, Kalman"]
[Black "Isepy, Tamas"]
[Result "1/2-1/2"]
[WhiteElo "2147"]
[BlackElo "2125"]
[PlyCount "68"]
[EventDate "2004.08.13"]
[EventType "swiss"]
[EventRounds "7"]
[EventCountry "HUN"]
[SourceTitle "EXT 2008"]
[Source "ChessBase"]
[SourceDate "2007.11.25"]
[SourceVersion "1"]
[SourceVersionDate "2007.11.25"]
[SourceQuality "1"]

1. d4 Nf6 2. Nf3 g6 3. Nc3 Bg7 4. e4 d6 5. Bc4 0-0 6. Qe2 Nc6 7. d5 Ne5 8. Nxe5 dxe5 9. 0-0 Ne8 10. f4 Nd6 11. Bb3 Qd7 12. Be3 b5 13. fxe5 Bxe5 14. Bc5 a5 15. Bxd6 Bxc3 16. bxc3 Qxd6 17. a4 bxa4 18. Rxa4 Bd7 19. Rd4 Qe5 20. Ra1 Rfb8 21. Qf2 a4 22. Bc4 Bb5 23. Ba2 Ra6 24. d6 e6 25. dxc7 Qxc7 26. Qd2 Rc8 27. c4 Bc6 28. Kh1 Rb6 29. e5 Qxe5 30. Re1 Qf6 31. c3 Rcb8 32. Qe3 Rb2 33. Rd2 Qf5 34. Rg1 Qg4 1/2-1/2

[Event "Torokbalint op"]
[Site "Torokbalint"]
[Date "2004.08.15"]
[Round "7"]
[White "Isepy, Tamas"]
[Black "Szirti, Laszlo"]
[Result "1-0"]
[WhiteElo "2125"]
[BlackElo "2167"]
[PlyCount "41"]
[EventDate "2004.08.13"]
[EventType "swiss"]
[EventRounds "7"]
[EventCountry "HUN"]
[SourceTitle "EXT 2008"]
[Source "ChessBase"]
[SourceDate "2007.11.25"]
[SourceVersion "1"]
[SourceVersionDate "2007.11.25"]
[SourceQuality "1"]

1. e4 e5 2. Nf3 Nc6 3. d4 exd4 4. Nxd4 Nxd4 5. Qxd4 d6 6. Nc3 Bd7 7. Bf4 Bc6 8. Bc4 Qf6 9. Qd2 Qg6 10. f3 Nf6 11. 0-0-0 0-0-0 12. Be3 a6 13. Nd5 Bxd5 14. exd5 Nd7 15. Bd3 Qh5 16. Qa5 Nc5 17. g4 Qe5 18. Rhe1 Qxh2 19. Bf5+ Nd7 20. Rd4 g6 21. Rc4 1-0

[Event "HUN-chT2 9900"]
[Site "Hungary"]
[Date "2000.02.27"]
[Round "8"]
[White "Centgraf, Jozsef"]
[Black "Isepy, Tamas"]
[Result "1-0"]
[WhiteElo "2276"]
[BlackElo "2151"]
[PlyCount "101"]
[EventDate "1999.09.26"]
[EventType "team"]
[EventRounds "11"]
[EventCountry "HUN"]
[SourceTitle "EXT 2002"]
[Source "ChessBase"]
[SourceDate "2001.11.25"]
[SourceVersion "1"]
[SourceVersionDate "2001.11.25"]
[SourceQuality "1"]

1. e4 c5 2. Nf3 e6 3. d4 cxd4 4. Nxd4 Nf6 5. Nc3 Nc6 6. Ndb5 Bb4 7. a3 Bxc3+ 8. Nxc3 d5 9. exd5 exd5 10. Qe2+ Be6 11. Bg5 0-0 12. 0-0-0 Re8 13. Qd2 d4 14. Qf4 Nd5 15. Bxd8 Nxf4 16. Bg5 dxc3 17. Bxf4 cxb2+ 18. Kxb2 Red8 19. Bb5 Nd4 20. Bd3 Rac8 21. Be3 Nc6 22. h3 h6 23. Rhe1 b6 24. Ba6 Rc7 25. Bb5 Rxd1 26. Rxd1 Na5 27. Rd8+ Kh7 28. Bd3+ g6 29. Bd4 Rc8 30. Rxc8 Bxc8 31. h4 f5 32. c4 Kg8 33. c5 bxc5 34. Bxc5 a6 35. Kc3 Kf7 36. Bb6 Nc6 37. f4 Ke7 38. Kc4 Kd6 39. Bc5+ Ke6 40. Bf8 h5 41. Kc5 Kd7 42. Bc4 Nd8 43. Kb6 Ne6 44. Bh6 Kd6 45. g3 Kd7 46. Bg5 Kd6 47. Bf6 Nf8 48. Be5+ Ke7 49. Kc7 Be6 50. Bxa6 Nd7 51. Bd6+ 1-0

[Event "HUN-chT2 9900"]
[Site "Hungary"]
[Date "1999.11.21"]
[Round "5"]
[White "Isepy, Tamas"]
[Black "Papp, Csaba"]
[Result "1-0"]
[WhiteElo "2151"]
[BlackElo "2128"]
[PlyCount "70"]
[EventDate "1999.09.26"]
[EventType "team"]
[EventRounds "11"]
[EventCountry "HUN"]
[SourceTitle "EXT 2002"]
[Source "ChessBase"]
[SourceDate "2001.11.25"]
[SourceVersion "1"]
[SourceVersionDate "2001.11.25"]
[SourceQuality "1"]

1. e4 d5 2. exd5 Qxd5 3. Nc3 Qa5 4. d3 e5 5. Bd2 Nf6 6. Nf3 Bc5 7. Qe2 0-0 8. Ne4 Qb6 9. Nxc5 Qxc5 10. Bc3 Nc6 11. 0-0-0 Bg4 12. Qd2 Rad8 13. h3 Bxf3 14. gxf3 Nd5 15. Rg1 Nf4 16. Qxf4 exf4 17. Rxg7+ Kh8 18. Rg5+ Qxc3 19. bxc3 f5 20. d4 h6 21. Rg6 Kh7 22. Re6 Kg7 23. Bc4 Rde8 24. Rde1 Rxe6 25. Rxe6 Rf6 26. Re8 Kg6 27. d5 Na5 28. Bd3 c6 29. c4 Rd6 30. Re5 cxd5 31. Rxf5 Kg7 32. cxd5 Rf6 33. Re5 b6 34. Ba6 Kg6 35. Kd2 Rf5 1-0

[Event "HUN-chT2 9899"]
[Site "Hungary"]
[Date "1999.??.??"]
[Round "?"]
[White "Isepy, Tamas"]
[Black "Pfeifer, Tamas"]
[Result "1/2-1/2"]
[WhiteElo "2140"]
[BlackElo "2305"]
[PlyCount "34"]
[EventDate "1998.??.??"]
[EventType "team"]
[EventRounds "12"]
[EventCountry "HUN"]
[SourceTitle "EXT 2000"]
[Source "ChessBase"]
[SourceDate "1999.11.16"]
[SourceVersion "1"]
[SourceVersionDate "1999.11.16"]
[SourceQuality "1"]

1. e4 c5 2. Nf3 d6 3. g3 Nf6 4. d3 e6 5. Bg2 Be7 6. 0-0 0-0 7. Nbd2 Nc6 8. Re1 Qc7 9. a4 b6 10. Nf1 Ba6 11. h3 Rac8 12. N1h2 Nd4 13. Be3 Nxf3+ 14. Nxf3 Bb7 15. Bg5 h6 16. Bd2 c4 17. Nd4 a6 1/2-1/2

[Event "Budapest act op"]
[Site "Budapest"]
[Date "1995.??.??"]
[Round "?"]
[White "Csiszar, Csaba"]
[Black "Isepy, Tamas"]
[Result "1-0"]
[WhiteElo "2380"]
[BlackElo "2170"]
[PlyCount "65"]
[EventDate "1995.??.??"]
[EventType "swiss (rapid)"]
[EventRounds "7"]
[EventCountry "HUN"]
[SourceTitle "EXT 2002"]
[Source "ChessBase"]
[SourceDate "2001.11.25"]
[SourceVersion "1"]
[SourceVersionDate "2001.11.25"]
[SourceQuality "1"]

1. d4 Nf6 2. Nf3 g6 3. c4 Bg7 4. Nc3 0-0 5. e4 d6 6. Be2 Nbd7 7. 0-0 e5 8. h3 c6 9. Re1 a6 10. Bg5 Qb6 11. c5 dxc5 12. dxe5 Ne8 13. Na4 Qc7 14. Be7 Nxe5 15. Bxf8 Bxf8 16. Rc1 b6 17. Nxe5 Qxe5 18. Nxb6 Rb8 19. Nxc8 Rxc8 20. Qc2 Rb8 21. b3 Rb4 22. Bc4 Nd6 23. Qe2 Bh6 24. Rc2 Nb5 25. Bxb5 cxb5 26. g3 Rd4 27. f4 Qc7 28. Rd1 Bg7 29. e5 Rxd1+ 30. Qxd1 Bf8 31. Qd5 Qc8 32. Kg2 Qf5 33. Rd2 1-0

[Event "HUN-chT2 9495"]
[Site "Hungary"]
[Date "1995.??.??"]
[Round "?"]
[White "Isepy, Tamas"]
[Black "Berta, Tibor"]
[Result "1/2-1/2"]
[WhiteElo "2170"]
[BlackElo "2180"]
[PlyCount "47"]
[EventDate "1994.??.??"]
[EventType "team"]
[EventRounds "13"]
[EventCountry "HUN"]
[SourceTitle "EXT 1999"]
[Source "ChessBase"]
[SourceDate "1998.11.16"]
[SourceVersion "1"]
[SourceVersionDate "1998.11.16"]
[SourceQuality "1"]

1. e4 e6 2. d4 d5 3. Nc3 Bb4 4. Nge2 dxe4 5. a3 Be7 6. Nxe4 Nf6 7. N2g3 Nbd7 8. Bd3 0-0 9. 0-0 c5 10. dxc5 Bxc5 11. Bg5 Be7 12. Nxf6+ Bxf6 13. Bxf6 Nxf6 14. Qf3 Qb6 15. b3 Bd7 16. Ne4 Nxe4 17. Bxe4 Bc6 18. Bxc6 Qxc6 19. Qxc6 bxc6 20. Rfd1 Rfd8 21. Kf1 Kf8 22. Ke2 Ke7 23. c4 e5 24. Ke3 1/2-1/2

[Event "HUN-chT2 9495"]
[Site "Hungary"]
[Date "1995.??.??"]
[Round "?"]
[White "Isepy, Tamas"]
[Black "Csaba, Arpad"]
[Result "1-0"]
[WhiteElo "2170"]
[BlackElo "2230"]
[PlyCount "85"]
[EventDate "1994.??.??"]
[EventType "team"]
[EventRounds "13"]
[EventCountry "HUN"]
[SourceTitle "EXT 1999"]
[Source "ChessBase"]
[SourceDate "1998.11.16"]
[SourceVersion "1"]
[SourceVersionDate "1998.11.16"]
[SourceQuality "1"]

1. e4 c5 2. Nf3 Nc6 3. g3 g6 4. Bg2 Bg7 5. 0-0 e5 6. d3 d6 7. Nc3 Nge7 8. Nh4 Nd4 9. f4 exf4 10. gxf4 Nec6 11. Nf3 Bg4 12. Nd5 Ne7 13. Ne3 h5 14. c3 Nxf3+ 15. Bxf3 Bh3 16. Bg2 Bxg2 17. Kxg2 Nc6 18. Nd5 Qd7 19. f5 gxf5 20. Rxf5 0-0-0 21. Bg5 Rdg8 22. Kh1 h4 23. Qd2 Be5 24. Raf1 h3 25. Ne3 Qe6 26. Qf2 Qg6 27. Bf4 Rh7 28. Rg5 Qxg5 29. Bxg5 Rxg5 30. Rg1 Rgh5 31. Rg8+ Kd7 32. Nd5 Ne7 33. Nxe7 Kxe7 34. Rg1 f5 35. d4 cxd4 36. cxd4 Bh8 37. Re1 f4 38. e5 dxe5 39. dxe5 Rxe5 40. Qc5+ Ke6 41. Qc8+ Kf7 42. Rxe5 Bxe5 43. Qf5+ 1-0

[Event "Budapest act op"]
[Site "Budapest"]
[Date "1995.??.??"]
[Round "?"]
[White "Isepy, Tamas"]
[Black "Nagy, Helga"]
[Result "1-0"]
[WhiteElo "2170"]
[BlackElo "2090"]
[PlyCount "65"]
[EventDate "1995.??.??"]
[EventType "swiss (rapid)"]
[EventRounds "7"]
[EventCountry "HUN"]
[SourceTitle "EXT 2002"]
[Source "ChessBase"]
[SourceDate "2001.11.25"]
[SourceVersion "1"]
[SourceVersionDate "2001.11.25"]
[SourceQuality "1"]

1. e4 c5 2. Nf3 d6 3. g3 Nf6 4. d3 a6 5. Bg2 e5 6. 0-0 Be7 7. Nbd2 Nc6 8. Re1 0-0 9. Nf1 b5 10. h4 Bg4 11. Ne3 Qd7 12. c3 Bh3 13. Ng5 Bxg2 14. Kxg2 h6 15. Nf3 Rad8 16. Nf5 d5 17. Bd2 dxe4 18. dxe4 Na5 19. Qc2 Nc4 20. Rad1 Qe6 21. Bc1 Nd6 22. Nxe7+ Qxe7 23. b3 Nfxe4 24. Rxe4 Nxe4 25. Rxd8 Rxd8 26. Qxe4 f6 27. h5 Re8 28. Nh4 Qf7 29. Qg4 Kh7 30. Nf5 Re6 31. Nxg7 Re7 32. Nf5 Re8 33. Nh4 1-0

[Event "HUN-chT2 9596"]
[Site "Hungary"]
[Date "1995.??.??"]
[Round "4"]
[White "Isepy, Tamas"]
[Black "Szogi, Gabor"]
[Result "1/2-1/2"]
[WhiteElo "2155"]
[BlackElo "2150"]
[PlyCount "37"]
[EventDate "1995.??.??"]
[EventType "team"]
[EventRounds "11"]
[EventCountry "HUN"]
[SourceTitle "EXT 2000"]
[Source "ChessBase"]
[SourceDate "1999.11.16"]
[SourceVersion "1"]
[SourceVersionDate "1999.11.16"]
[SourceQuality "1"]

1. e4 e6 2. d4 d5 3. Nc3 dxe4 4. Nxe4 Nd7 5. Bd3 Ngf6 6. Nxf6+ Nxf6 7. Nf3 Be7 8. 0-0 0-0 9. Ne5 c5 10. dxc5 Qc7 11. Bf4 Qxc5 12. c4 Rd8 13. Qf3 a5 14. Rad1 Ra6 15. Rfe1 Rad6 16. Ng4 R6d7 17. Ne5 Rd6 18. Ng4 R6d7 19. Ne5 1/2-1/2

[Event "HUN-chT2 9596"]
[Site "Hungary"]
[Date "1995.??.??"]
[Round "6"]
[White "Vrona, Mihail"]
[Black "Isepy, Tamas"]
[Result "1/2-1/2"]
[WhiteElo "2210"]
[BlackElo "2155"]
[PlyCount "52"]
[EventDate "1995.??.??"]
[EventType "team"]
[EventRounds "11"]
[EventCountry "HUN"]
[SourceTitle "EXT 2000"]
[Source "ChessBase"]
[SourceDate "1999.11.16"]
[SourceVersion "1"]
[SourceVersionDate "1999.11.16"]
[SourceQuality "1"]

1. g3 g6 2. Bg2 Bg7 3. d4 d6 4. e4 Nd7 5. Ne2 e5 6. 0-0 Ngf6 7. d5 0-0 8. c4 a5 9. Nbc3 Nc5 10. b3 Nh5 11. Be3 b6 12. Qd2 f5 13. Bh6 f4 14. Bxg7 Kxg7 15. f3 g5 16. g4 Nf6 17. Nc1 h5 18. h3 Rh8 19. Nd3 Nxd3 20. Qxd3 Rh7 21. Kf2 Qh8 22. Rh1 Bd7 23. Rag1 Rf8 24. Ke1 Ng8 25. Nd1 Ne7 26. Nf2 Ng6 1/2-1/2

[Event "Sarospatak op"]
[Site "Sarospatak"]
[Date "1994.??.??"]
[Round "4"]
[White "Isepy, Tamas"]
[Black "Lorincz, Otto"]
[Result "1/2-1/2"]
[WhiteElo "2245"]
[BlackElo "2120"]
[PlyCount "62"]
[EventDate "1994.??.??"]
[EventType "swiss"]
[EventRounds "9"]
[EventCountry "HUN"]
[SourceTitle "EXT 1999"]
[Source "ChessBase"]
[SourceDate "1998.11.16"]
[SourceVersion "1"]
[SourceVersionDate "1998.11.16"]
[SourceQuality "1"]

1. e4 e6 2. d4 d5 3. Nc3 dxe4 4. Nxe4 Be7 5. Nf3 Nf6 6. Nxf6+ Bxf6 7. c3 b6 8. Bd3 Bb7 9. 0-0 Nd7 10. Bf4 0-0 11. Re1 g6 12. Qe2 c5 13. Be4 Qc8 14. Rad1 Bg7 15. Bd6 Rd8 16. Ng5 Bxe4 17. Qxe4 Nf6 18. Qf3 h6 19. Be5 hxg5 20. Bxf6 cxd4 21. Bxg7 Kxg7 22. Rxd4 Rb8 23. Red1 Qc7 24. Qd3 Rxd4 25. Qxd4+ e5 26. Qe4 Re8 27. Rd5 f5 28. Qd3 Re7 29. Rd8 g4 30. Qd5 e4 31. Rd6 Qc5 1/2-1/2